000 00989cam a2200241 4500
001 ##L135171
008 061003n2001 000 0 eng u
020 _a0860175553
035 _a(Sirsi) u135171
041 0 _aeng
050 0 4 _a614.76 $2 18
100 1 _aShorter, B.
245 0 0 _aWaste minimisation in construction
_btraining pack
250 _a2nd ed.
260 _aLondon
_bCIRIA
_c2001
300 _a4v.
_bill.
_c30cm. +
_e1 CD-ROM + 1 video cassette
490 0 _aCIRIA
_vC555
520 _aAimed at those training construction staff, this pack includes notes for trainer and trainee, CIRIA's publications "Waste minimisation in construction: site guide" (ISBN 0860174824) and "Demonstrating waste minimisation benefits in construction" (ISBN 0860175367), a video and a CD-ROM.
651 4 _aUnited Kingdom
_y
690 _aENVIRONMENTAL AND LAND CONSULTANCY-WASTE MANAGEMENT
710 2 _aConstruction Industry Research and Information Association
_94810
942 _n0
999 _c105938
_d105938